All NBA Teams - Statistics

General Stats
  • This quiz has been taken 521 times
  • The average score is 51 of 65
Answer Stats
Team Location Years Of Operation Team Name % Correct
Atlanta 1968-69 to Present Hawks
98%
Milwaukee 1951-52 to 1954-55 Hawks
98%
Boston 1946-47 to Present Celtics
96%
Charlotte 2014-15 to Present Hornets
96%
New Orleans/Oklahoma City 2005-06 to 2006-07 Hornets
96%
Brooklyn 2012-13 to Present Nets
96%
New Jersey 1977-78 to 2011-12 Nets
96%
New York 1976-77 Nets
96%
St. Louis 1955-56 to 1967-68 Hawks
95%
Charlotte 1988-89 to 2001-02 Hornets
95%
New Orleans 2002-03 to 2012-13 Hornets
95%
Chicago 1966-67 to Present Bulls
93%
Los Angeles 1960-61 to Present Lakers
93%
Minneapolis 1947-48 to 1959-60 Lakers
93%
Houston 1971-72 to Present Rockets
91%
San Diego 1967-68 to 1970-71 Rockets
91%
Golden State 1971-72 to Present Warriors
91%
Philadelphia 1946-47 to 1961-62 Warriors
91%
San Francisco 1962-63 to 1970-71 Warriors
91%
Milwaukee 1968-69 to Present Bucks
90%
Miami 1988-89 to Present Heat
89%
Denver 1949-50 Nuggets
89%
Denver 1976-77 to Present Nuggets
89%
Indiana 1976-77 to Present Pacers
89%
Philadelphia 1963-64 to Present 76ers
88%
Memphis 2001-02 to Present Grizzlies
88%
Orlando 1989-90 to Present Magic
88%
New Orleans 2013-14 to Present Pelicans
88%
Oklahoma City 2008-09 to Present Thunder
88%
Vancouver 1995-96 to 2000-01 Grizzlies
87%
Dallas 1980-81 to Present Mavericks
87%
Detroit 1957-58 to Present Pistons
87%
Fort Wayne 1941-42 to 1956-57 Pistons
87%
Los Angeles 1984-85 to Present Clippers
86%
San Diego 1978-79 to 1983-84 Clippers
86%
Utah 1979-80 to Present Jazz
86%
Kansas City 1975-76 to 1984-85 Kings
86%
Kansas City-Omaha 1972-73 to 1974-75 Kings
86%
Sacramento 1985-86 to Present Kings
86%
New York 1946-47 to Present Knicks
86%
Washington 1974-75 to 1996-97 Bullets
85%
Cleveland 1970-71 to Present Cavaliers
85%
New Orleans 1974-75 to 1978-79 Jazz
85%
Phoenix 1968-69 to Present Suns
85%
Minnesota 1989-90 to Present Timberwolves
85%
Baltimore 1947-48 to 1953-54 Bullets
84%
Baltimore 1963-64 to 1972-73 Bullets
84%
Capital 1973-74 Bullets
84%
San Antonio 1976-77 to Present Spurs
84%
Toronto 1995-96 to Present Raptors
83%
Washington 1997-98 to Present Wizards
82%
Seattle 1967-68 to 2007-08 Supersonics
80%
Portland 1970-71 to Present Trail Blazers
80%
Charlotte 2004-05 to 2013-14 Bobcats
78%
Cincinatti 1957-58 to 1970-71 Royals
69%
Rochester 1945-46 to 1956-57 Royals
69%
Buffalo 1970-71 to 1977-78 Braves
46%
Syracuse 1946-47 to 1962-63 Nationals
43%
Toronto 1946-47 Huskies
25%
Chicago 1946-47 to 1949-50 Stags
15%
Tri-Cities 1949-50 to 1950-51 Blackhawks
14%
Chicago 1962-63 Zephyrs
13%
Providence 1946-47 to 1948-49 Steam Rollers
11%
Chicago 1961-62 Packers
10%
St. Louis 1946-47 to 1949-50 Bombers
9%
No matching quizzes found
Score Distribution
Percent of People with Each Score
Percentile by Number Answered
Your Score History
You have not taken this quiz